000 00777aas a2200217 4500
999 _c3367
_d3367
003 BR-BrBNA
005 20230317233759.0
007 ta
008 230119b bl ||||| |||| 00| 0 por d
035 _a000485-5
040 _aBR-BrBNA
_bPor
_cBR-BrBNA
042 _aN
044 _abl
245 _aPrograma Estadual de Assistência Técnica e Extensão Rural - Empresa de Assistência Técnica e Extensão Rural do Estado do Maranhão (Brazil)
260 _aSão Luis-MA
_bEmpresa de Assistência Técnica e Extensão Rural do Estado do Maranhão
_c1977. Data final de publicação em 1980
_eBMA
270 _aAv. Getúlio Vargas, 2331 - Monte Castelo - 65000-000
310 _aanual
505 _a1977/79; 1978/79; 1979/80fe; 1980;
909 _a56
_bSergio Santos
_c56
_dSergio Santos
942 _cCR
_2AGRIS